000 00506nam a2200181Ia 4500
001 393
005 20260306140514.0
008 260306t2011||||xx |||||||||||||| ||spa||
041 _aESP
082 _a110
_bH36B
100 _aHeidegger, Martin
_eAUT
245 0 _aPosiciones metafĂ­sicas fundamentales del pensamiento occidental :
_bejercicios en el semestre de invierno de 1937-1938
260 _c2011
300 _a229 páginas :
_c22 cm.
650 _aGEN
654 _aCHU
942 _cLIB
_dJUS
_fJUS
_2ddc
_n
999 _c393
_d393